000 00622nam a22001813 4500
001 207080
005 20251024103020.0
010 _a966-8365-98-4
090 _a207080
100 _a20251024 ukry50
101 _aukr
102 _aUA
200 _a
_e
_f
210 _a
_c
_d2005
215 _a
675 _a94(477)
801 _2unimarc
_aUA
_gpsbo
942 _cBOOK
_8EDU
_h94(477)